00338nam a2200121 a 45000010005000000030005000050050017000100080041000270400020000682450032000882600078001203000018001985877CDMR20130220142514.0130220s2002||||||||||||||||||||||||||||d aCDMRbcatcCDMR 0aNotícies amb llaç blanc a[València]bFederación de Asociaciones de la Prensa de Españac2002 a23 p ;c13 cm